000 00526nam a2200181Ia 4500
005 20250508152955.0
008 008 250505s9999 xx 000 0 eng d
037 _aTextual
040 _aFEDL
_beng
_cFEDL
041 _aeng
_2eng
084 _a385.095 4, BHA
_qFEDL
100 _aBhatnagar K P...(et.al).
_9762899
245 0 _aTransport in modern India
260 _aKanpur, India
_bKishore Publishing House
_c1961
300 _axii,546p
942 _cTEXL
_h385.095 4, BHA
999 _c1339929
_d1339929